Normal view MARC view
  • Himno nacional mexicano

Entry Título Uniforme

Number of records used in: 1

001 - NÚMERO DE CONTROL DEL REGISTRO

  • Campo de control: 49560

003 - IDENTIFICADOR DEL NÚMERO DE CONTROL

  • Campo de control: MX-MxUPN

005 - FECHA Y HORA DE LA ÚLTIMA TRANSACCIÓN

  • Campo de control: 20230707120900.0

008 - ELEMENTOS DE LONGITUD FIJA

  • Campo de control de longitud fija : 230707nn acnnnaabn n ana d

040 ## - FUENTE DE LA CATALOGACIÓN

  • Agencia que crea de manera original el registro: MX-MxUPN
  • Idioma de la catalogación: spa

130 #0 - ENCABEZAMIENTO - TÍTULO UNIFORME

  • Título uniforme: Himno nacional mexicano

670 ## - FUENTE EN LA QUE SE LOCALIZARON DATOS

  • Cita de la fuente: Autoridades Biblioteca Nacional de México, 7 julio 2023 :
  • Información localizada: (Himno nacional mexicano)
  • Identificador Uniforme del Recurso: https://catalogo.iib.unam.mx/

902 ## - CATALOGADOR

  • Catalogador: VíctorGodínez/070723